MARC details
| 000 -LEADER |
| campo de control de longitud fija |
02897nam a2200445 i 4500 |
| 001 - NÚMERO DE CONTROL |
| campo de control |
194652 |
| 003 - IDENTIFICADOR DE NÚMERO DE CONTROL |
| campo de control |
SpMaBN |
| 005 - FECHA Y HORA DE LA ÚLTIMA TRANSACCIÓN |
| campo de control |
20260526140146.0 |
| 007 - CAMPO FIJO DE DESCRIPCIÓN FÍSICA--INFORMACIÓN GENERAL |
| campo de control de longitud fija |
ta |
| 008 - DATOS DE LONGITUD FIJA--INFORMACIÓN GENERAL |
| campo de control de longitud fija |
240510s2015 sp | |||| 000 f spa |
| 017 ## - NÚMERO DE COPYRIGHT O DE DEPÓSITO LEGAL |
| Número de copyright o de depósito legal |
B 27043-2015 |
| Agencia que asigna |
Oficina Depósito Legal Barcelona |
| 020 ## - NÚMERO INTERNACIONAL ESTÁNDAR DEL LIBRO |
| Número Internacional Estándar del Libro |
9788433977939 |
| 035 ## - NÚMERO DE CONTROL DEL SISTEMA |
| Número de control de sistema |
(OCoLC)943664600 |
| 035 ## - NÚMERO DE CONTROL DEL SISTEMA |
| Número de control de sistema |
a5747695 |
| 040 ## - FUENTE DE CATALOGACIÓN |
| Centro catalogador/agencia de origen |
SpMaBN |
| Lengua de catalogación |
spa |
| Centro/agencia transcriptor |
SpMaBN |
| Normas de descripción |
rdc |
| Centro/agencia modificador |
ES-MaACL |
| 080 ## - NÚMERO DE LA CLASIFICACIÓN DECIMAL UNIVERSAL |
| Número de la Clasificación Decimal Universal |
821.133.1(493)-31"19" |
| 100 ## - ENTRADA PRINCIPAL--NOMBRE DE PERSONA |
| Nombre de persona |
Nothomb, Amélie, |
| Fechas asociadas al nombre |
1967- |
| Número de control del registro de autoridad o número normalizado |
XX1162968 |
| 9 (RLIN) |
235607 |
| Término indicativo de función/relación |
Autor |
| 245 13 - MENCIÓN DEL TÍTULO |
| Título |
El sabotaje amoroso / |
| Mención de responsabilidad, etc. |
Amélie Nothomb ; traducción de Sergi Pàmies. |
| 250 ## - MENCION DE EDICION |
| Mención de edición |
Sexta edición en "Compactos": enero 2023. |
| 260 ## - PUBLICACIÓN, DISTRIBUCIÓN, ETC. |
| Lugar de publicación, distribución, etc. |
Barcelona : |
| Nombre del editor, distribuidor, etc. |
Anagrama, |
| Fecha de publicación, distribución, etc. |
2023. |
| 300 ## - DESCRIPCIÓN FÍSICA |
| Extensión |
159 páginas ; |
| Dimensiones |
21 cm |
| 336 ## - TIPO DE CONTENIDO |
| Término de tipo de contenido |
Texto (visual) |
| Fuente |
isbdcontent |
| 337 ## - TIPO DE MEDIO |
| Nombre/término del tipo de medio |
sin mediación |
| Fuente |
isbdmedia |
| 338 ## - TIPO DE SOPORTE |
| Fuente |
rdacarrier |
| Nombre/término del tipo de soporte |
volumen |
| 490 1# - MENCIÓN DE SERIE |
| Mención de serie |
Colección Compactos |
| Designación de volumen o secuencia |
689 |
| 500 ## - NOTA GENERAL |
| Nota general |
Catalogación provisional. N-9968. Depósito J |
| 500 ## - NOTA GENERAL |
| Nota general |
Traducción de: Le sabotage amoureux |
| 520 ## - RESUMEN, ETC. |
| Sumario, etc. |
El sabotaje amoroso fue la segunda novela de Amélie Nothomb, inmediatamente posterior a su sorprendente y recordado debut con Higiene del asesino. Con este libro volvió a demostrar por qué uno de los más sugestivos fenómenos literarios y editoriales europeos de los últimos años lleva el nombre de Amélie Nothomb. No es sólo el extraño caso de una escritora jovencísima que alcanza una enorme madurez expresiva y formal, sino que esa misma posición le permite conectar con las inquietudes propias de su tiempo y plasmarlas en ficciones contundentes, tan lejos de lo insustancial como de lo solemne, de la ingenuidad como del academicismo. Nothomb tiene dos vertientes esenciales en su obra: las ficciones puras, como Higiene del asesino y Cosmética del enemigo, recién publicada en esta colección, y las de tema autobiográfico, como su extraordinaria Estupor y temblores, de la que sólo en Francia vendió más de medio millón de ejemplares. Si en ésta Nothomb reconstruía su dura y fascinante experiencia en Japón durante su juventud, y en Metafísica de los tubos su singular autobiografía hasta los tres años en el mismo país, en El sabotaje amoroso recoge las no menos conmovedoras vivencias de su infancia posterior en China. |
| 650 #0 - PUNTO DE ACCESO ADICIONAL DE MATERIA--TÉRMINO DE MATERIA |
| Término de materia o nombre geográfico como elemento de entrada |
Novela japonesa- |
| Subdivisión cronológica |
s. XX |
| 9 (RLIN) |
236322 |
| 655 #0 - TERMINO DE INDIZACIÓN--GENERO/FORMA |
| Datos o término principal de género/forma |
Novelas |
| 9 (RLIN) |
234319 |
| 700 1# - ENTRADA AGREGADA--NOMBRE PERSONAL |
| Nombre de persona |
Pamies, Sergio, |
| Fechas asociadas al nombre |
1983- |
| Término indicativo de función/relación |
Traductor |
| 9 (RLIN) |
131444 |
| 830 ## - PUNTO DE ACCESO ADICIONAL DE SERIE-TÍTULO UNIFORME |
| Título uniforme |
Colección Compactos ; |
| 9 (RLIN) |
236323 |
| Designación de volumen o secuencia |
689 |
| 852 ## - LOCALIZACIÓN |
| Ubicación |
ES-MaACL |
| Sublocalización o colección |
R.155109 |
| Ubicación en estantería |
Depósito J |
| Número de control de estantería |
N-9968 |
| itemnumber |
202285 |
| Nota libre |
En proceso |
| Encuadernación |
Encuadernación rústica |
| 942 ## - ELEMENTOS DE ENTRADA SECUNDARIOS (KOHA) |
| Suprimir en OPAC |
No |
| Tipo de ítem Koha |
Libro impreso |